00826nam a22001817a 4500003000900000008004100009040007100050082001500121100001900136245001700155260003600172300003000208440005000238505029200288650001500580650002300595650002600618AR-CdUCM190320b ||||| |||| 00| 0 spa d aMUNICIPALIDAD PROVINCIAL DEL CUSCOcBIBLIOTECA MUNICIPAL DEL CUSCO a694 /bG82 aGriñan, Jose aEncofrados / aEspaña :bCEAC, S.A. ,c1964. a203 páginas ;c21.4 cm. aMonografias sobre construccion y arquitectura aContenido : 1.- Generalidades -- 2.- Herramientas y Material -- 3.- Econfrados de Cimientos -- 4.- Encofrado de Pilares 5.- Encofrado de Pilares de Portico -- 6.- Encofrado de Vigas y Jacenas -- 7.- Encofrado de Muros -- 8.- Encofrados de suelo de planta -- 9.- Encofrado de Escaleras... aEncofrados aConstruccion Civil aObras de Construccion